| 000 | 00472nam a2200169Ia 4500 | ||
|---|---|---|---|
| 008 | 230718s9999 xx 000 0 und d | ||
| 020 | _a9788184896176 | ||
| 041 | _aeng | ||
| 082 |
_a006.3 _bLIU |
||
| 100 |
_aLiu B. _9195924 |
||
| 245 |
_aWeb Data Mining _bExploring Hyperlinks, Contents, And Usage Data |
||
| 260 |
_c2010 _bSpringer |
||
| 300 | _a532 | ||
| 365 |
_cRs. _b950.00 |
||
| 700 |
_aLiu B. _9195924 |
||
| 906 |
_dO:0381504-Mar-2014B:41708-Jan-2014 _cCOMP _b237.5 |
||
| 999 |
_c335663 _d335663 |
||